| Tag |
First Indicator |
Second Indicator |
Subfields |
| LEADER |
00000cgm a22000004a 4500 |
| 001 |
in00002532113 |
| 005 |
20211202184736.0 |
| 006 |
m g c f |
| 007 |
cr mna|||||||| |
| 007 |
vz czazz| |
| 008 |
091030r200u1997mdu006 g fs vleng c |
| 035 |
|
|
|a (OCoLC)ocn461299980
|
| 040 |
|
|
|a GPO
|c GPO
|d MvI
|d UtOrBLW
|
| 042 |
|
|
|a pcc
|
| 049 |
|
|
|a WWW
|
| 074 |
|
|
|a 0507-A-74 (online)
|
| 086 |
0 |
|
|a HE 20.3076:M 46
|
| 245 |
0 |
0 |
|a Take your medicines safely.
|
| 264 |
|
1 |
|a [Bethesda, Md.] :
|b National Institutes of Health,
|c [between 2000 and 2009?]
|
| 336 |
|
|
|a two-dimensional moving image
|b tdi
|2 rdacontent
|
| 337 |
|
|
|a computer
|b c
|2 rdamedia
|
| 338 |
|
|
|a online resource
|b cr
|2 rdacarrier
|
| 500 |
|
|
|a Available as both streaming video (5 min., 11 sec., WMV file, sd., col.) and downloadable video (5 min., 11 sec., WMV file, sd., col.) files.
|
| 538 |
|
|
|a System requirements: Internet browser; multimedia software player capable of playing Windows Media Video files.
|
| 538 |
|
|
|a Mode of access: Internet via the NIH SeniorHealth web site. Addresses as of 10/29/09: http://nihseniorhealth.gov/takingmedicines/howtotakemedicines/video/med1.html and http://nihseniorhealth.gov/takingmedicines/howtotakemedicines/video/med1%5Fmp300.html ; current access available via PURL.
|
| 500 |
|
|
|a Title from title frame.
|
| 500 |
|
|
|a "Video courtesy of the National Council on Patient Information and Education. 1997."
|
| 500 |
|
|
|a Accompanied by transcript in HTML format.
|
| 520 |
|
|
|a Defines the difference between prescription and over-the-counter (OTC) drugs, and the potential for medication abuse or neglect. Provides practical tips for managing the intake of multiple medications. Includes comments by Dr. Calvin H. Knowlton, American Pharmaceutical Association (Past President), Jeff Alexander, R. Ph., Pharmacist, and Joan Cominskey, RN, RSN, Geriatric Nurse Practitioner.
|
| 500 |
|
|
|a Electronic resource.
|
| 650 |
|
0 |
|a Drugs
|x Administration
|v Popular works.
|
| 650 |
|
0 |
|a Medicine
|v Formulae, receipts, prescriptions
|v Popular works.
|
| 650 |
|
0 |
|a Drugs, Nonprescription
|v Popular works.
|
| 650 |
|
0 |
|a Older people
|x Drug use
|v Popular works.
|
| 650 |
|
0 |
|a Drug interactions
|v Popular works.
|
| 655 |
|
7 |
|a Documentary films.
|2 lcgft
|
| 655 |
|
0 |
|a Streaming videos.
|
| 700 |
1 |
|
|a Knowlton, Calvin H.,
|d 1949-
|
| 710 |
2 |
|
|a National Institutes of Health (U.S.)
|
| 710 |
2 |
|
|a National Council on Patient Information and Education (U.S.)
|
| 856 |
4 |
0 |
|u https://purl.fdlp.gov/GPO/FDLP1353
|t 0
|
| 999 |
|
|
|a MARS
|
| 999 |
f |
f |
|s 65587665-23ad-3bb2-8b93-7da89feff975
|i 28571a82-6e89-3535-870f-d630eaf9749f
|t 0
|
| 952 |
f |
f |
|a Texas A&M University
|b College Station
|c Electronic Resources
|d Available Online
|t 0
|e HE 20.3076:M 46
|h Superintendent of Documents classification
|
| 998 |
f |
f |
|a HE 20.3076:M 46
|t 0
|l Available Online
|